[Event "Guernsey Holiday op 43rd"]
[Site "Guernsey"]
[Date "2017.10.20"]
[Round "6"]
[White "Hoogakker, Peter"]
[Black "Svenneling, Matz"]
[Result "1-0"]
[WhiteElo "1769"]
[BlackElo "1448"]
[PlyCount "39"]
[EventDate "2017.10.15"]
[EventType "swiss"]
[EventRounds "7"]
[EventCountry "GCI"]
[SourceTitle "EXT 2020"]
[Source "ChessBase"]
[SourceDate "2019.10.17"]
[SourceVersion "1"]
[SourceVersionDate "2019.10.17"]
[SourceQuality "1"]

1. e4 d5 2. Nc3 d4 3. Nce2 e5 4. Nf3 Nc6 5. Ng3 Bg4 6. Bc4 Nf6 7. 0-0 Bd6 8. h3 Bh5 9. Nxh5 Nxh5 10. Nxe5 Nxe5 11. Qxh5 g6 12. Qe2 Qh4 13. d3 f5 14. exf5 gxf5 15. f4 0-0-0 16. fxe5 Rde8 17. Qf2 Qh5 18. exd6 Rhf8 19. Bf4 Re2 20. Qf3 1-0

[Event "Guernsey Holiday op 40th"]
[Site "Guernsey"]
[Date "2014.10.23"]
[Round "5"]
[White "Svenneling, Matz"]
[Black "Bennett, David"]
[Result "1-0"]
[WhiteElo "1504"]
[BlackElo "1360"]
[PlyCount "51"]
[EventDate "2014.10.19"]
[EventType "swiss"]
[EventRounds "7"]
[EventCountry "GCI"]
[SourceTitle "EXT 2022"]
[Source "ChessBase"]
[SourceDate "2021.10.06"]
[SourceVersion "1"]
[SourceVersionDate "2021.10.06"]
[SourceQuality "1"]

1. e4 e6 2. d4 c5 3. d5 exd5 4. exd5 d6 5. Bd3 Nf6 6. c4 Nbd7 7. f4 Be7 8. Nf3 0-0 9. 0-0 Nb6 10. Qc2 g6 11. b3 Nh5 12. Nc3 Bf6 13. Bd2 Ng7 14. Rae1 Bg4 15. Ng5 Bd4+ 16. Kh1 Bf5 17. Nb5 Bxd3 18. Qxd3 Bf6 19. Ne4 Nc8 20. Nxf6+ Kh8 21. Bc3 Ne7 22. Qh3 h5 23. g4 Ng8 24. gxh5 Nxf6 25. hxg6+ Kg8 26. Bxf6 1-0

[Event "Guernsey Holiday op 39th"]
[Site "Guernsey"]
[Date "2013.10.23"]
[Round "4"]
[White "Kearsley, Raymond J"]
[Black "Svenneling, Matz"]
[Result "1/2-1/2"]
[WhiteElo "1672"]
[BlackElo "1504"]
[PlyCount "50"]
[EventDate "2013.10.20"]
[EventType "swiss"]
[EventRounds "7"]
[EventCountry "GCI"]
[SourceTitle "EXT 2022"]
[Source "ChessBase"]
[SourceDate "2021.10.06"]
[SourceVersion "1"]
[SourceVersionDate "2021.10.06"]
[SourceQuality "1"]

1. e4 e6 2. d4 d5 3. e5 c5 4. c3 cxd4 5. cxd4 Nc6 6. Nf3 Bb4+ 7. Nc3 Nge7 8. Bd3 Bxc3+ 9. bxc3 h6 10. 0-0 Qa5 11. Qc2 Bd7 12. Nd2 Rc8 13. Nb3 Qa4 14. Qe2 b6 15. Bb5 Nxd4 16. Bxd7+ Kxd7 17. cxd4 Rc4 18. Be3 Rhc8 19. Rfc1 Nf5 20. Qb2 Qb4 21. Bd2 Qb5 22. Rxc4 dxc4 23. Rc1 cxb3 24. Rxc8 Kxc8 25. Qc3+ Kd7 1/2-1/2